MDQL
is popping MORE tags! Check the
thread
!
Quizzes
Events
Quiz Creation
Community
Videos
Private Events
Remove Ads
Sign In
Join for FREE
Feedback
Dark Mode
Quiz Categories
Sports
Geography
Music
Movies
Television
Just For Fun
Miscellaneous
History
Literature
Language
Science
Gaming
Entertainment
Religion
Holiday
For Kids
Quiz Lab
Recent
Popular Today
Quiz Kudos Today
Editor Picks
Curator Picks
Quizzes by...
Day
Popularity
Type
Ratings
Length
Year
Community
Subscriptions
Recent Discussions
Orange Saloon
Badges
Playlists
Quests
Create
Leaderboards
Showdown
Live 5
Trivia Bingo
Activity
Puzzle Library
Sporcle Events
Private Events
Virtual Trivia
Globe League
Become a Host
Pub Owners
SporcleCon
Opinionation
Our Games
Videos
Blog
Mobile Apps
Partnerships
Remove Ads and Go Orange
Feedback
Sports
Athletes
MLB
NBA
NHL
NFL
Soccer
Sports Teams
WWE
NCAA
Football
Premier League
Basketball
Baseball
Hockey
Golf
Tennis
Cricket
Rugby
Auto Racing
Olympics
World Cup
Sports
Athletes
MLB
NBA
NHL
NFL
Soccer
Sports Teams
WWE
NCAA
Football
Premier League
Basketball
Baseball
Hockey
Golf
Tennis
Cricket
Rugby
Auto Racing
Olympics
World Cup
Random Quiz
Search Sporcle
×
Quiz Lab
Quiz Lab
Sports
Winner
Type in answers that appear in a list
Type in answers that appear in a list
Classic
Best Score? Go Orange.
Ballon d'Or and FIFA Ballon d'Or winners (1956-2015 Stats
Can you name the Ballon d'Or and FIFA Ballon d'Or winners (1956-2015?
By
Raim_Maumoon
8m
60 Questions
92 Plays
92 Plays
92 Plays
Comments
Comments
Give Quiz Kudos
Give Quiz Kudos
-
- Ratings
hide this ad
Replay
Link that replays current quiz
Next Quiz
Link to next quiz in quiz playlist
You Got
0%
They Got
Avg Score
67%
Avg Friend Score
Upgrade to see
Score Distribution
Jump to the score distribution portion of the page
Score
0/60
Timer
08:00
0
Plays Today
Year
Player Name
% Correct
2013
Cristiano Ronaldo
95.7%
2014
Cristiano Ronaldo
95.7%
2015
Lionel Messi
95.7%
2008
Cristiano Ronaldo
94.6%
2009
Lionel Messi
94.6%
2010
Lionel Messi
94.6%
2011
Lionel Messi
94.6%
2012
Lionel Messi
94.6%
1997
Ronaldo
92.4%
2002
Ronaldo
92.4%
2005
Ronaldinho
87%
2007
Kaka
87%
1998
Zinedine Zidane
84.8%
1983
Michel Platini
81.5%
1984
Michel Platini
81.5%
1985
Michel Platini
81.5%
2006
Fabio Cannavaro
81.5%
2000
Luis Figo
79.3%
1971
Johan Cruyff
78.3%
1972
Franz Beckenbauer
78.3%
1973
Johan Cruyff
78.3%
1976
Franz Beckenbauer
78.3%
1974
Johan Cruyff
77.2%
1999
Rivaldo
77.2%
2001
MIchael Owen
76.1%
1968
George Best
69.6%
1966
Bobby Charlton
68.5%
1970
Gerd Muller
68.5%
1993
Roberto Baggio
67.4%
1994
Hristo Stoichkov
67.4%
Year
Player Name
% Correct
2004
Andriy Shevchenko
66.3%
1995
George Weah
65.2%
1988
Marco van Basten
64.1%
1989
Marco van Basten
64.1%
1992
Marco van Basten
64.1%
1965
Eusebio
63%
2003
Pavel Nedved
63%
1963
Lev Yashin
62%
1987
Ruud Gullit
60.9%
1990
Lothar Matthaus
60.9%
1956
Stanley Matthews
57.6%
1982
Paolo Rossi
57.6%
1991
Jean-Pierre Papin
57.6%
1978
Kevin Keegan
56.5%
1979
Kevin Keegan
56.5%
1996
Matthias Sammer
54.3%
1959
Alfredo Di Stefano
51.1%
1964
Denis Law
51.1%
1980
Karl-Heinz Rummenigge
51.1%
1981
Karl-Heinz Rummenigge
51.1%
1957
Alfredo Di Stefano
50%
1960
Luis Suarez
45.7%
1958
Raymond Kopa
44.6%
1969
Gianni Rivera
39.1%
1975
Oleg Blokhin
34.8%
1977
Allan Simonsen
34.8%
1967
Florian Albert
30.4%
1986
Igor Belanov
30.4%
1961
Omar sivori
28.3%
1962
Josef Masopust
28.3%
Quiz Playlist
Details
Report
Send in Message
Add To Playlist
Classic:
Type in answers that appear in a list
Last Updated: Feb 16, 2017
Quiz Scoreboard
CHALLENGE
Sign Up to Join the Scoreboard
Show All
Scores
Hide
Comments
May contain spoilers
Recently Published
Holiday 10x10 Sorting Gallery
by lukepisani3
Holiday
15m
Two Season TV Shows II
by 123Four
Television
10m
Image Sorting: Flags VI
by Barbecue
Geography
2m
More to Explore
Quiz From the Vault
Featured Blog Post
14 Easter Pick-up Lines to Find Eggs With
hide this ad
You Might Also Like...
Tags
FIFA
Player
Winner
Today's Top Quizzes in Sports
Browse Sports
hide this ad
Today's Top Quizzes in Winner
Browse Winner
Top Contributed Quizzes in Sports
1
Les meilleurs buteurs des matchs entre le PSG et l’OM
2
Les entraîneurs de l'OM et du PSG au 21e siècle
3
2022 World Cup Stars
4
Les joueurs passés par le PSG et l'OM
5
Players with Multiple 50 Home Run Seasons
6
FIFA Club World Cup Champions
7
Criteria MLB: Left Handed Sluggers
8
Les joueurs passés par le LOSC et le RC Lens
9
Top 10 NHL Goal Scorers of All Time
10
NBA Logic Puzzle 2.0
Explore More
Trending Topics
Kpop
Anime
Marvel
NBA
Crossword
Disney
Harry Potter
WWE
Song
NFL
The Office
Country
Soccer
Puzzle
Pokémon
hide this ad
More By:
Raim_Maumoon
Quiz
Plays
Rating
Category
Featured
Created
Match These Tennis Players Names
2,285
4.00
Sports
Oct 5, 2016
Anything But Maldives
1,448
4.69
Geography
Dec 25, 2016
UEFA Euro Final Four All Time
814
3.17
Sports
Oct 29, 2016
Richest European Countries
550
4.50
Geography
Jun 3, 2017
Premier League Top 4 After 1992-93
453
3.29
Sports
Oct 27, 2016
Go to Creator's Profile
Score Distribution
Quiz Creator Spotlight
Raim_Maumoon
Follow
Send a Message
Quizzes Created
-
Created Quiz Play Count
-
More By This Creator
Popular Quizzes Today
1
Find the US States - No Outlines Minefield
2
Colored Red Africa Blitz
3
Find the 'City' Movie
4
5x2 Blitz: Bands
5
The Countries of the World
6
Find the Countries of Europe - No Outlines Minefield
7
Find the US States
8
US States
More Sports Quizzes
Brazil 2018 FIFA World Cup Starting XIs & Substitutes
Quiz Lab
Trending Quizzes
Colored Red Europe Blitz I
Colored Red Africa Blitz II
Colored Red Europe Blitz II
Even More Two Season TV Shows
Colored Red Africa Blitz III
Recently Updated
March Madness Men's Triple Doubles
pecheneg
How Do You Spell That?
pecheneg
Godzilla Movies
pecheneg
Grab Bag: 4-10 Letters
pecheneg
2024 March Madness Bracket
pecheneg
Famous TV Couples
Peacemaker
Champions League XIs: Real Madrid
pecheneg
Largest US Cities 1790-2010
pecheneg
Rides in Walt Disney World
pecheneg
Most Oscar Losses (Acting)
pecheneg
Trending Topics
Disney
Anime
Marvel
NBA
Crossword
Harry Potter
Kpop
Song
Soccer
Pokémon
Puzzle
Country
The Office
NFL
WWE
Your Account Isn't Verified!
In order to create a playlist on Sporcle, you need to verify the email address you used during registration. Go to your
Sporcle Settings
to finish the process.
Report this User
Report this user for behavior that violates our
Community Guidelines
.
Details:
Send Report
Go to the Sporcle.com Mobile Site →
Comments